Biodiversity reserves: setting new priorities for the conservation of wildlife (Registro nro. 11990)

Detalles MARC
000 -CABECERA
Campo de control 005810000a22001810004500
090 ## - CLASIFICACIÓN LOCAL
Colección AR
Consecutivo 02931
041 0# - IDIOMA
Código de idioma para texto/pista de sonido o título separado
100 1# - ASIENTO PRINCIPAL--NOMBRE PERSONAL
Nombre personal Humphries, Chris
245 10 - MENCION DE TITULO
Título Biodiversity reserves: setting new priorities for the conservation of wildlife
650 14 - ASIENTO SECUNDARIO DE MATERIA - TERMINO TEMATICO
Término temático o nombre geográfico como elemento de entrada Areas protegidas
650 14 - ASIENTO SECUNDARIO DE MATERIA - TERMINO TEMATICO
Término temático o nombre geográfico como elemento de entrada Prioridades de conservación
650 14 - ASIENTO SECUNDARIO DE MATERIA - TERMINO TEMATICO
Término temático o nombre geográfico como elemento de entrada Riqueza de especies
650 14 - ASIENTO SECUNDARIO DE MATERIA - TERMINO TEMATICO
Término temático o nombre geográfico como elemento de entrada Taxonomía
700 1# - ASIENTO SECUNDARIO - NOMBRE PERSONAL
Nombre personal Vane Wright, Dick
700 1# - ASIENTO SECUNDARIO - NOMBRE PERSONAL
Nombre personal Williams, Paul
773 1# - Item fuente:
Título Parks: Protected Areas Programme
Especificación de materiales 920
Descripción física 2
Paginas del Articulo 34-38
Lugar, editorial y fecha de publicación 1991
Información sobre la relación 2
942 ## - ELEMENTOS ADICIONALES (KOHA)
Tipo de ítem Artículo
Existencias
Withdrawn status Lost status Damaged status No para préstamo Colección Ubicación Permanente Ubicación actual Fecha de adquisición Datos de publicación Seriada Total Checkouts Número topográfico Inventario / Código de Barras Date last seen Ejemplar Price effective from Forma de adquisición Tipo de material
      No para Préstamo Hemeroteca Bogotá Bogotá 27/02/2015 Fuera de circulación   AR 02931 013339 25/03/2015 1 25/03/2015   Artículo